00765 2200181 4500245004600000020002200046250001100068100002400079700002400103650004300127005001900170260003200189041001400221084000800235300002300243500030800266336000900574 aBeatiful GiftscAnderson, CatherinehText a978-602-247-215-5 aCet. 1 aAnderson, Catherine aEndang Sulistyowati aFiksi Inggris (dalam Bahasa Indonesia) a20231002144049 aJakartabDastan Booksc2015 aIndonesia a813 a180 hlm. :c18 cm. aFaith membawa kabur putrinya yang baru berusia enam tahun karena menolak dinikahkan secara paksa oleh ayahnya. Setelah uang mereka dicuri distasiun, faith terdampar di no name terpaksa harus tidur dikandang dan mencari makan dengan mengais ngais sampah sampai ia melihat lowongan pekerjaan dari patrick. atext